Δήμοι της Κρήτης με Χάρτη - Statistics

General Stats
  • This quiz has been taken 10 times
  • The average score is 12 of 24
Answers on the Map
Answers color-coded by a green-red scale on the quiz's map according to % correct below.
 
Answer Stats
Δήμος % Correct
Αγίου Νικολάου
100%
Ρεθύμνου
100%
Χανίων
100%
Ηρακλείου
86%
Γαύδου
71%
Σητείας
71%
Αμάριου
57%
Βιάννου
57%
Αρχανών-Αστερουσίων
43%
Ιεράπετρας
43%
Κισσάμου
43%
Μαλεβιζίου
43%
Μυλοποτάμου
43%
Σφακίων
43%
Χερσονήσου
43%
Ανωγείων
29%
Αποκορώνου
29%
Γόρτυνας
29%
Καντάνου-Σελίνου
29%
Πλατανιά
29%
Φαιστού
29%
Αγίου Βασιλείου
14%
Μινώα Πεδιάδας
14%
Οροπεδίου Λασιθίου
14%
No matching quizzes found
Score Distribution
Percent of People with Each Score
Percentile by Number Answered
Your Score History
You have not taken this quiz